| 000 | 00449nam a2200145Ia 4500 | ||
|---|---|---|---|
| 008 | 230917s9999||||xx |||||||||||||| ||und|| | ||
| 040 |
_e65775 _aMAIN |
||
| 041 | _aEnglish | ||
| 082 | _a891.2109 S23R | ||
| 100 | _aSwaroop, Sarda | ||
| 245 | 4 | _aThe role of Dhvani in sanskrit poetics: athesis submitted to the Banaras Hindi University for the degree of Doctor of philosophy | |
| 260 |
_aMoradabad _bOmkar Swaroop |
||
| 300 | _a333 p. | ||
| 942 | _cBK | ||
| 999 |
_c56939 _d56939 |
||